Music Quiz

Random Music or Bands Quiz

'60s Rock Band Members Quiz Stats

 Plays Quiz Updated Sep 15, 2017

Score 0/20 Timer 04:00
9 Plays Today
% Correct
The Beatles
86.9%
John Lennon
86.3%
Ringo Starr
86.2%
Jimi Hendrix
86.1%
Paul McCartney
85.4%
George Harrison
84.2%
Jim Morrison
78.1%
The Beach Boys
76.8%
The Doors
76.1%
Brian Wilson
69.9%
% Correct
Dennis Wilson
62.2%
Carl Wilson
60.6%
The Jimi Hendrix Experience
55.5%
Mike Love
43.9%
Ray Manzarek
34.7%
Robby Krieger
30.6%
Al Jardine
24%
John Densmore
23.8%
Mitch Mitchell
22.9%
Noel Redding
20.6%

You're not logged in!

Compare scores with friends on all Sporcle quizzes.
OR
Log In

You Might Also Like...

Show Comments

Extras

Top Quizzes Today


Score Distribution

Your Account Isn't Verified!

In order to create a playlist on Sporcle, you need to verify the email address you used during registration. Go to your Sporcle Settings to finish the process.

Report this User

Report this user for behavior that violates our Community Guidelines.

Details: